Представление документа в формате MARC21

Поле Инд. ПП Название Значение
Тип записи a
Библиографический уровень m
001 Контрольный номер d44aa286a3af4b51824dafc7d7aee73f
005 Дата корректировки 20161118150900.3
008 Кодируемые данные 060627
020 c Цена, тираж 45.00
040 a Служба первич. каталог. НБ ТвГУ
041 a Код языка текста rus
080 a Индекс УДК 37.014(470)(060.55)
084 a Индекс другой классификации/Индекс ББК Ч34(2Рос)я54
090 x Авторский знак Р76
a Полочн. индекс Ч34(2Рос)
110 0_ a Организация/ юрисдикция Российский общественный совет по развитию образования (РОСРО)
245 00 a Заглавие Вестник Российского общественного совета по развитию образования
n Номер части/ раздела Вып. 14
c Ответственность [гл. ред. Т. Морозова]
260 0_ a Место издания Москва
b Издательство Альянс 2002
c Дата издания 2005
300 a Объем 89 с.
b Иллюстрации/ тип воспроизводства ил., табл.
583 a Действие Получение впервые 245 27.06.2006
k Исполнитель действия Дар РОСНО
583 a Действие Приписка Приписка 95 23.04.2007
k Исполнитель действия Дар РОС РО
650 a Основная рубрика Образование
z Географическая подрубрика Российская Федерация
650 a Основная рубрика Педагогический труд
x Основная подрубрика Заработная плата
653 a Ключевые слова Образование в России
a Ключевые слова Реформы образования
a Ключевые слова Заработная плата педагогов
a Ключевые слова Национальные образовательные проекты
700 1_ a Другие авторы Морозова Т.
e Роль лиц гл. ред.
852 t Порядковый номер экземпляра 1
p Инвентарный номер 845727
852 t Порядковый номер экземпляра 1
p Инвентарный номер 874364
888 a Бесплатные
952 p 245.2006 45.00 1 845727
p 95.2007 45.00 1 874364
c Вид литературы К рн
954 a Дата поступления на обработку 20060628
999 a Подразделение 2 ч.з.
a Подразделение 2 кх.